00433nam a2200157Ia 45000010006000000050017000060080041000230410008000640820015000721000040000872450101001272600009002283000022002376500008002596540008002671629320260306170259.0260306t2003||||xx |||||||||||||| ||und|| aESP a347.6bG91 aCalle Casusol, Jean Paul (Ed.)eAUT 0aGuía rápida de preguntas y respuestas sobre la nueva ley del sistema concursal texto impreso c2003 a390 páginas :c aGEN aCDE